000 00532nam a22001937a 4500
005 20260603155603.0
010 _aENG-148727
020 _a9788119670741
_c399.00
035 _aEN-132259
037 _bDBAD
082 _aN
100 _aSiddhant Shekhar
_989292
245 _aJoin Me in Death/
_cSiddhant Shekhar
250 _a1
260 _aNew Delhi
_bVitasta Publishing
_c2024
270 _a2/15,Ansari Road,Daryaganj,
_bNew Delhi
_e110002
_mvitastapublishing.com
300 _a246p.
_c21cm(pb)
942 _2ddc
_cEN
_hN
_mSID
999 _c216485
_d216485